zpět

Detail výsledku týmu

SportBar na hřišti, Hostivice

Datum a čas kvízu

34.5 Celkem bodů Celkový počet nahraných bodů na tomto kvízu bez doplňovacích otázek.
3. Pořadí na kvízu Konečné umístění týmu na tomto kvízu.

Zaznamenané odpovědi

# Otázka Odpověď Body Výsledky
4. Která technologická společnost... Apple 1
1. V Olomouci se objevil případ m... na sušáku na prádlo (na klepači na koberce) 1
2. Který významný den jsme mohli... B 1
3. Počátkem týdne jsme se dozvědě... Katy Perry; Justin Trudeau 1
5. Fotbalisté z malého afrického... Kapverdy 1
7. Kterým slovem se označuje pouš... vádí 1
9. Vojáci Československého pěšího... Tobruk 1
10. Britský umělec Gordon Sumner s... Sting 1
6. Napište jméno pouště na obrázk... Namib (Namibská poušť) 1
8. Vyberte, se kterým živočichem... B 0